LEADER 02216nam0 22005053i 450 001 VAN0263005 005 20231123034209.932 017 70$2N$a9783540387015 100 $a20230907d1983 |0itac50 ba 101 $aeng 102 $aDE 105 $a|||| ||||| 200 1 $aProbability Theory and Mathematical Statistics$eProceedings of the Fourth USSR-Japan Symposium, held at Tbilisi, USSR, August 23-29, 1982$fedited by Jurii V. Prokhorov, Kiyosi Itô 210 $aBerlin$cSpringer$d1983 215 $ax, 746 p.$d24 cm 461 1$1001VAN0102250$12001 $aLecture notes in mathematics$1210 $aBerlin [etc.]$cSpringer$v1021 606 $a60-XX$xProbability theory and stochastic processes [MSC 2020]$3VANC020428$2MF 606 $a00Bxx$xConference proceedings and collections of articles [MSC 2020]$3VANC021742$2MF 606 $a62-XX$xStatistics [MSC 2020]$3VANC022998$2MF 610 $aEstimator$9KW:K 610 $aLikelihood$9KW:K 610 $aMathematical statistics$9KW:K 610 $aMaxima$9KW:K 610 $aProbability$9KW:K 610 $aProbability Theory$9KW:K 610 $aProbability calculation$9KW:K 610 $aProbability distribution$9KW:K 610 $aRandom variables$9KW:K 610 $aStatistics$9KW:K 610 $aVariance$9KW:K 610 $aobservable$9KW:K 620 $dBerlin$3VANL000066 702 1$aIto$bKiyosi$3VANV044309 702 1$aProkhorov$bIurii Vasilevich$3VANV040906 712 $aSpringer $3VANV108073$4650 790 1$aProkhorov, Yu. V.$zProkhorov, Iurii Vasilevich$3VANV040907 790 1$aProkhorov, J. V.$zProkhorov, Iurii Vasilevich$3VANV211047 801 $aIT$bSOL$c20240614$gRICA 856 4 $uhttps://doi.org/10.1007/BFb0072896$zE-book ? Accesso al full-text attraverso riconoscimento IP di Ateneo, proxy e/o Shibboleth 899 $aBIBLIOTECA DEL DIPARTIMENTO DI MATEMATICA E FISICA$1IT-CE0120$2VAN08 912 $fN 912 $aVAN0263005 950 $aBIBLIOTECA DEL DIPARTIMENTO DI MATEMATICA E FISICA$d08CONS e-book 6559 $e08eMF6559 20230908 996 $aProbability theory and mathematical statistics$980199 997 $aUNICAMPANIA LEADER 02166nam2 2200445 i 450 001 VAN00124563 005 20240806100816.680 017 70$2N$a9783319779775 100 $a20191021d2018 |0itac50 ba 101 $aeng 102 $aCH 105 $a|||| ||||| 200 1 $aˆVol. 3.: ‰Discrete Mathematics and Polynomial Algebra$fAntonio Caminha Muniz Neto 210 $aCham$cSpringer$d2018 215 $axii, 648 p.$cill.$d24 cm 410 1$1001VAN00023582$12001 $aProblem books in mathematics$1210 $aNew York [etc.]$cSpringer$d1981- 461 1$1001VAN00123585$12001 $aˆAn ‰Excursion through Elementary Mathematics$fAntonio Caminha Muniz Neto$1210 $aCham$cSpringer$1215 $avolumi$cill.$d24 cm$v3 500 1$3VAN00236118$aˆAn ‰Excursion through Elementary Mathematics. Vol. III, Discrete Mathematics and Polynomial Algebra$92789719 606 $a00Axx$xGeneral and miscellaneous specific topics [MSC 2020]$3VANC027112$2MF 606 $a05-XX$xCombinatorics [MSC 2020]$3VANC019812$2MF 606 $a05Axx$xEnumerative combinatorics [MSC 2020]$3VANC023597$2MF 606 $a11-XX$xNumber theory [MSC 2020]$3VANC019688$2MF 610 $aCounting$9KW:K 610 $aDiscrete mathematics$9KW:K 610 $aGraph theory$9KW:K 610 $aIMO$9KW:K 610 $aMathematics Olympiad$9KW:K 610 $aPolynomials$9KW:K 610 $aProblem Solving$9KW:K 620 $aCH$dCham$3VANL001889 700 1$aCaminha Muniz Neto$bAntonio$3VANV095052$0767139 712 $aSpringer $3VANV108073$4650 801 $aIT$bSOL$c20241115$gRICA 856 4 $uhttp://doi.org/10.1007/978-3-319-77977-5$zE-book ? Accesso al full-text attraverso riconoscimento IP di Ateneo, proxy e/o Shibboleth 899 $aBIBLIOTECA DEL DIPARTIMENTO DI MATEMATICA E FISICA$1IT-CE0120$2VAN08 912 $fN 912 $aVAN00124563 950 $aBIBLIOTECA DEL DIPARTIMENTO DI MATEMATICA E FISICA$d08DLOAD e-book 1023 $e08eMF1023 20191021 996 $aExcursion through Elementary Mathematics. Vol. III, Discrete Mathematics and Polynomial Algebra$92789719 997 $aUNICAMPANIA LEADER 01479nam0 22003733i 450 001 VAN00254609 005 20250604033859.562 017 70$2N$a9783540355250 100 $a20230214d1967 |0itac50 ba 101 $aeng 102 $aDE 105 $a|||| ||||| 200 1 $aTopics in Functional Analysis$fAlbert Wilansky$gNotes by W. D. Laverell 210 $aBerlin$cSpringer$d1967 215 $aviii, 108 p.$cill.$d24 cm 461 1$1001VAN00102250$12001 $aLecture notes in mathematics$1210 $aBerlin [etc.]$cSpringer$v45 606 $a46-XX$xFunctional analysis [MSC 2020]$3VANC019764$2MF 610 $aAnalysis$9KW:K 610 $aCalculus$9KW:K 610 $aFunctions$9KW:K 610 $aTheorem$9KW:K 610 $aTopology$9KW:K 620 $dBerlin$3VANL000066 700 1$aWilansky$bAlbert$3VANV207635$041878 702 1$aLaverell$bW. David$3VANV207636 712 $aSpringer $3VANV108073$4650 801 $aIT$bSOL$c20250613$gRICA 856 4 $uhttps://doi.org/10.1007/BFb0079844$zE-book ? Accesso al full-text attraverso riconoscimento IP di Ateneo, proxy e/o Shibboleth 899 $aBIBLIOTECA DEL DIPARTIMENTO DI MATEMATICA E FISICA$1IT-CE0120$2VAN08 912 $fN 912 $aVAN00254609 950 $aBIBLIOTECA DEL DIPARTIMENTO DI MATEMATICA E FISICA$d08DLOAD e-book 5369 $e08eMF5369 20230228 996 $aTopics in functional analysis$983174 997 $aUNICAMPANIA